Teaching and learning languages : (Record no. 1096)

000 -LEADER
fixed length control field 01032cam a2200349 a 4500
003 - CONTROL NUMBER IDENTIFIER
control field OCoLC
005 - DATE AND TIME OF LATEST TRANSACTION
control field 20210624053112.0
008 - FIXED-LENGTH DATA ELEMENTS--GENERAL INFORMATION
fixed length control field 980915s1998 onc b 000 0 eng d
020 ## - INTERNATIONAL STANDARD BOOK NUMBER
International Standard Book Number 092183165X :
040 ## - CATALOGING SOURCE
Transcribing agency NLC
050 ## - LIBRARY OF CONGRESS CALL NUMBER
Classification number P51
Item number .T422 1998
055 #3 - CLASSIFICATION NUMBERS ASSIGNED IN CANADA
Classification number P51
Item number T422 1998
090 ## - LOCALLY ASSIGNED LC-TYPE CALL NUMBER (OCLC); LOCAL CALL NUMBER (RLIN)
Classification number (OCLC) (R) ; Classification number, CALL (RLIN) (NR) 418.0071 T24
245 00 - TITLE STATEMENT
Title Teaching and learning languages :
Remainder of title selected readings from Mosaic /
Statement of responsibility, etc. edited by Anthony Mollica.
260 ## - PUBLICATION, DISTRIBUTION, ETC.
Place of publication, distribution, etc. Welland, Ont. :
Name of publisher, distributor, etc. Éditions Soleil Pub.,
Date of publication, distribution, etc. 1998.
263 ## - PROJECTED PUBLICATION DATE
Projected publication date 9809
300 ## - PHYSICAL DESCRIPTION
Extent 463 pages
336 ## - CONTENT TYPE
Content type term text
Content type code txt
Source rdacontent
337 ## - MEDIA TYPE
Media type term unmediated
Media type code n
Source rdamedia
338 ## - CARRIER TYPE
Carrier type term volume
Carrier type code nc
Source rdacarrier
504 ## - BIBLIOGRAPHY, ETC. NOTE
Bibliography, etc. note Includes bibliographical references.
650 #0 - SUBJECT ADDED ENTRY--TOPICAL TERM
Topical term or geographic name entry element Language and languages
General subdivision Study and teaching.
700 1# - ADDED ENTRY--PERSONAL NAME
Personal name Mollica, Anthony,
Dates associated with a name 1939-
942 ## - ADDED ENTRY ELEMENTS (KOHA)
Source of classification or shelving scheme
Koha item type Book
Suppress in OPAC SO
948 ## - LOCAL PROCESSING INFORMATION (OCLC); SERIES PART DESIGNATOR (RLIN)
Series part designator, SPT (RLIN) 27/06/1999
b (OCLC) 29/10/1999
Holdings
Withdrawn status Lost status Source of classification or shelving scheme Damaged status Not for loan Permanent Location Current Location Shelving location Date acquired Total Checkouts Full call number Barcode Date due Date last seen Date last checked out Price effective from Koha item type Public note
          AU LIBRARY AU LIBRARY Open Shelf 24.06.2021 4 P51 .T422 1998 28000391 21.02.2024 07.02.2024 07.02.2024 24.06.2021 Book SO

Powered by Koha